[Event "Concepcion CC Mayor"]
[Site "Concepcion"]
[Date "2019.09.24"]
[Round "8"]
[White "Pleticosic, Ramirez Yerko"]
[Black "Erazo Valenzuela, Rodrigo"]
[Result "0-1"]
[WhiteElo "1819"]
[BlackElo "2047"]
[PlyCount "100"]
[EventDate "2019.08.06"]
[EventType "tourn"]
[EventRounds "9"]
[EventCountry "CHI"]
[SourceTitle "CBM 195 Extra"]
[Source "ChessBase"]
[SourceDate "2020.05.31"]
[SourceVersion "1"]
[SourceVersionDate "2020.05.31"]
[SourceQuality "1"]

1. e4 d5 2. exd5 Qxd5 3. Nc3 Qd6 4. Nf3 c6 5. d4 Nf6 6. Bd3 Bg4 7. Be2 g6 8. h3 Bxf3 9. Bxf3 Bg7 10. Be3 0-0 11. 0-0 Nbd7 12. Qd2 Rad8 13. Rad1 Nb6 14. Qc1 Nc4 15. b3 Nxe3 16. Qxe3 Nd5 17. Bxd5 cxd5 18. Ne2 Qa6 19. Qd3 Qb6 20. c3 e6 21. Kh1 h5 22. f4 Qc7 23. Rf3 Bf6 24. g4 hxg4 25. hxg4 Kg7 26. Kg2 Rh8 27. Rh1 Rxh1 28. Kxh1 Rh8+ 29. Rh3 Rxh3+ 30. Qxh3 Qa5 31. Nc1 Bxd4 32. Ne2 Bf6 33. g5 Be7 34. Nd4 Qxa2 35. Qe3 Qb1+ 36. Kg2 Qe4+ 37. Qxe4 dxe4 38. c4 Bd6 39. Nb5 Bxf4 40. Nxa7 Bxg5 41. c5 f5 42. b4 f4 43. b5 f3+ 44. Kf2 Bh4+ 45. Ke3 f2 46. Ke2 e3 47. c6 bxc6 48. Nxc6 Bg3 49. Nb4 Bc7 50. Nd3 g5 0-1

[Event "Concepcion CC Mayor"]
[Site "Concepcion"]
[Date "2019.09.10"]
[Round "6"]
[White "Pleticosic, Ramirez Yerko"]
[Black "Collao Olmos, Manuel"]
[Result "0-1"]
[WhiteElo "1819"]
[BlackElo "1681"]
[PlyCount "64"]
[EventDate "2019.08.06"]
[EventType "tourn"]
[EventRounds "9"]
[EventCountry "CHI"]
[SourceTitle "CBM 195 Extra"]
[Source "ChessBase"]
[SourceDate "2020.05.31"]
[SourceVersion "1"]
[SourceVersionDate "2020.05.31"]
[SourceQuality "1"]

1. d4 d6 2. Bf4 b6 3. e3 Bb7 4. c3 Nf6 5. Nd2 g6 6. h4 h5 7. Ngf3 Bg7 8. Qe2 Nbd7 9. e4 Ng4 10. e5 dxe5 11. Nxe5 Ndf6 12. f3 Nh6 13. Qb5+ Kf8 14. Qb3 Nd5 15. 0-0-0 Nxf4 16. Ne4 Bxe4 17. fxe4 Qd6 18. g3 Ne6 19. Nc4 Qxg3 20. Bh3 Ng4 21. Rdg1 Qd3 22. Rd1 Bh6+ 23. Nd2 Nf4 24. Bxg4 hxg4 25. Rhe1 Ne2+ 26. Rxe2 Qxe2 27. Qd5 Re8 28. Qe5 f6 29. Qe6 Kg7 30. e5 g3 31. h5 g2 32. hxg6 Kxg6 0-1

[Event "Concepcion Hexagonal U2200"]
[Site "Concepcion"]
[Date "2016.05.07"]
[Round "2.1"]
[White "Pleticosic, Ramirez Yerko"]
[Black "Ruiz Zenteno, Leonardo Marcial"]
[Result "0-1"]
[WhiteElo "1946"]
[BlackElo "1999"]
[PlyCount "68"]
[EventDate "2016.05.07"]
[EventType "tourn"]
[EventRounds "10"]
[EventCountry "CHI"]
[SourceTitle "EXT 2024"]
[Source "ChessBase"]
[SourceDate "2023.10.10"]
[SourceVersion "1"]
[SourceVersionDate "2023.10.10"]
[SourceQuality "1"]

1. e4 c5 2. Nc3 Nc6 3. g3 g6 4. Bg2 Bg7 5. d3 d6 6. Be3 Nf6 7. h3 0-0 8. Qd2 Nd4 9. Nce2 e5 10. c3 Nc6 11. Bh6 Re8 12. Bxg7 Kxg7 13. Nf3 d5 14. Qc2 c4 15. exd5 cxd3 16. Qd2 Qxd5 17. Nh4 Qd8 18. Nc1 e4 19. 0-0 Ne5 20. b3 Bd7 21. Re1 Bc6 22. Qg5 Qd7 23. Qd2 Rad8 24. Re3 h6 25. f4 exf3 26. Bf1 Ne4 27. Qb2 d2 28. Nd3 Nxd3 29. Rxd3 f2+ 30. Kh2 Qc7 31. c4+ Kg8 32. Re3 d1Q 33. Rxd1 Rxd1 34. Qe2 Re1 0-1

[Event "Concepcion Lesly Memorial"]
[Site "Concepcion"]
[Date "2014.03.22"]
[Round "9"]
[White "Tejos Godoy, Rodrigo Andres"]
[Black "Pleticosic, Ramirez Yerko"]
[Result "1-0"]
[WhiteElo "1849"]
[BlackElo "1952"]
[PlyCount "85"]
[EventDate "2014.03.01"]
[EventType "tourn"]
[EventRounds "9"]
[EventCountry "CHI"]
[SourceTitle "EXT 2016"]
[Source "ChessBase"]
[SourceDate "2015.10.08"]
[SourceVersion "1"]
[SourceVersionDate "2015.10.08"]
[SourceQuality "1"]

1. f4 d5 2. e3 Nf6 3. b3 c6 4. Bb2 Bg4 5. Nf3 e6 6. Be2 Nbd7 7. d3 Be7 8. Nbd2 0-0 9. 0-0 Bc5 10. d4 Be7 11. Qe1 Ne4 12. Bd3 f5 13. c3 Rf6 14. b4 Rg6 15. Kh1 Nxd2 16. Qxd2 Bxf3 17. gxf3 Bd6 18. Rg1 Qh4 19. Rxg6 hxg6 20. Rg1 Kf7 21. Qg2 Qh5 22. Bc1 Rh8 23. e4 Re8 24. e5 Be7 25. a4 a6 26. c4 Bxb4 27. Qf2 dxc4 28. Bxc4 b5 29. Rg5 Qh7 30. Bb3 Be7 31. Bxe6+ Kf8 32. Bxd7 Rd8 33. e6 bxa4 34. Rg3 a3 35. Qa2 Qg8 36. Rg2 Qh7 37. Bxa3 Rb8 38. Bxe7+ Kxe7 39. Qa3+ Kf6 40. Qa1 Qh3 41. d5+ Ke7 42. Qxg7+ Kd6 43. Qe5+ 1-0

[Event "Concepcion Lesly Memorial"]
[Site "Concepcion"]
[Date "2014.03.15"]
[Round "8"]
[White "Pleticosic, Ramirez Yerko"]
[Black "Palma Neira, Eliseo Maximiliano"]
[Result "1/2-1/2"]
[WhiteElo "1952"]
[BlackElo "1977"]
[PlyCount "145"]
[EventDate "2014.03.01"]
[EventType "tourn"]
[EventRounds "9"]
[EventCountry "CHI"]
[SourceTitle "EXT 2016"]
[Source "ChessBase"]
[SourceDate "2015.10.08"]
[SourceVersion "1"]
[SourceVersionDate "2015.10.08"]
[SourceQuality "1"]

1. e4 e5 2. Nc3 Nf6 3. g3 Bc5 4. Bg2 c6 5. Nf3 d6 6. 0-0 Bg4 7. d3 Qd7 8. Be3 Bd4 9. Bxd4 exd4 10. Ne2 c5 11. Nf4 Nc6 12. h3 Bxf3 13. Qxf3 Ne5 14. Qe2 h5 15. Nd5 Nxd5 16. exd5 0-0-0 17. f4 Ng6 18. Qd2 f5 19. h4 Rde8 20. Rae1 Rxe1 21. Rxe1 Re8 22. Rxe8+ Qxe8 23. Bf3 Nh8 24. Kf2 g6 25. c3 Nf7 26. Qe2 Qxe2+ 27. Kxe2 b5 28. Kd2 Kb7 29. a3 Kb6 30. b4 a5 31. Kc2 Nh6 32. Kd2 Ng8 33. Be2 Nf6 34. Bf3 Ne8 35. Kc2 Nc7 36. Kb2 Na6 37. Kb3 dxc3 38. bxa5+ Kxa5 39. Kxc3 b4+ 40. axb4+ cxb4+ 41. Kc4 Ka4 42. Bd1+ Ka5 43. d4 Nc7 44. Bc2 Ne8 45. Kd3 Nf6 46. Ke2 Nxd5 47. Bb3 Nc3+ 48. Kd3 d5 49. Ke3 Kb5 50. Kd3 Kc6 51. Ke3 Ne4 52. Ba4+ Kd6 53. Be8 b3 54. Kd3 Nxg3 55. Bxg6 Ke7 56. Kc3 Kf6 57. Be8 Ne2+ 58. Kxb3 Nxf4 59. Kb4 Ke7 60. Ba4 Ng2 61. Bd1 Nxh4 62. Bxh5 Kd6 63. Kc3 f4 64. Kd3 Kc6 65. Be8+ Kd6 66. Bh5 Ke6 67. Bg4+ Kf6 68. Kd2 Nf5 69. Bf3 Ne7 70. Kd3 Kg5 71. Ke2 Kh4 72. Kf2 Kh3 73. Bh5 1/2-1/2

[Event "Concepcion Lesly Memorial"]
[Site "Concepcion"]
[Date "2014.03.08"]
[Round "4"]
[White "Escobar Bravo, Felipe"]
[Black "Pleticosic, Ramirez Yerko"]
[Result "0-1"]
[WhiteElo "1809"]
[BlackElo "1952"]
[PlyCount "119"]
[EventDate "2014.03.01"]
[EventType "tourn"]
[EventRounds "9"]
[EventCountry "CHI"]
[SourceTitle "EXT 2016"]
[Source "ChessBase"]
[SourceDate "2015.10.08"]
[SourceVersion "1"]
[SourceVersionDate "2015.10.08"]
[SourceQuality "1"]

1. e4 e5 2. Nf3 Nf6 3. Nxe5 d6 4. Nf3 Nxe4 5. Nc3 Nf6 6. d4 Be7 7. Bd3 0-0 8. Bf4 Re8 9. 0-0 Bg4 10. h3 Bh5 11. Re1 Nbd7 12. g4 Bg6 13. Bxg6 hxg6 14. Qd3 Nb6 15. d5 Qd7 16. Re2 Na4 17. Nxa4 Qxa4 18. c4 Bf8 19. b3 Qd7 20. Rae1 Rxe2 21. Rxe2 Re8 22. Rxe8 Qxe8 23. Qe3 Qxe3 24. Bxe3 a6 25. Nd4 Be7 26. b4 Nd7 27. f4 Bf6 28. Nb3 b6 29. Kf2 Bc3 30. Bd2 Bxd2 31. Nxd2 Kf8 32. Ke3 Ke7 33. g5 Kd8 34. Nb3 Ke7 35. a4 Kd8 36. Nd4 Nb8 37. h4 Ke7 38. Ke4 Kf8 39. Kf3 Ke7 40. Kg4 Nd7 41. Kg3 Nb8 42. h5 gxh5 43. g6 fxg6 44. Ne6 c5 45. bxc5 bxc5 46. Nxg7 a5 47. Kh4 Nd7 48. Kg5 Nb6 49. Kxg6 Nxc4 50. f5 Ne5+ 51. Kg5 c4 52. Ne6 c3 53. Nf4 c2 54. Ne2 Nd3 55. Kg6 Ne5+ 56. Kg7 h4 57. f6+ Ke8 58. Nc1 h3 59. Nd3 Nd7 60. f7+ 0-1

[Event "Concepcion Lesly Memorial"]
[Site "Concepcion"]
[Date "2014.03.01"]
[Round "1"]
[White "Pleticosic, Ramirez Yerko"]
[Black "Ruiz Zenteno, Leonardo Marcial"]
[Result "0-1"]
[WhiteElo "1952"]
[BlackElo "1991"]
[PlyCount "106"]
[EventDate "2014.03.01"]
[EventType "tourn"]
[EventRounds "9"]
[EventCountry "CHI"]
[SourceTitle "EXT 2016"]
[Source "ChessBase"]
[SourceDate "2015.10.08"]
[SourceVersion "1"]
[SourceVersionDate "2015.10.08"]
[SourceQuality "1"]

1. e4 c6 2. g3 d5 3. Nc3 dxe4 4. Nxe4 Nd7 5. Bg2 Ngf6 6. d3 g6 7. Qe2 Nxe4 8. dxe4 Bg7 9. c3 Qa5 10. Qc2 Ne5 11. Bf4 Bg4 12. Bxe5 Qxe5 13. Nf3 Qh5 14. Qe2 Rd8 15. Rd1 0-0 16. 0-0 Qa5 17. a3 Qa4 18. Rfe1 Bh6 19. h3 Be6 20. Rd4 Rxd4 21. Nxd4 Bc4 22. Qd1 Qxd1 23. Rxd1 Rd8 24. Bf3 e5 25. Nc2 Rxd1+ 26. Bxd1 Bc1 27. Ne3 Be6 28. b3 Bxa3 29. c4 Kg7 30. Kg2 f6 31. Bc2 Bc5 32. Nd1 Bd4 33. g4 Kf7 34. Kf1 Ke7 35. Ke2 Kd6 36. Kd3 Kc5 37. f4 Kb4 38. f5 Bf7 39. h4 gxf5 40. exf5 h6 41. Ke4 b5 42. cxb5 Bd5+ 43. Kd3 cxb5 44. Ne3 Bxe3 45. Kxe3 a5 46. Bd1 a4 47. bxa4 bxa4 48. g5 hxg5 49. hxg5 fxg5 50. Bf3 Bxf3 51. Kxf3 Kc5 52. Kg4 Kd6 53. Kxg5 Ke7 0-1